| 000 | 00812nam a22002297a 4500 | ||
|---|---|---|---|
| 005 | 20240614130416.0 | ||
| 010 | _aENG-140614 | ||
| 020 |
_c999.00 _a9789356064485 |
||
| 035 | _aEN-124146 | ||
| 037 | _bDBAD | ||
| 082 |
_a546 _25 |
||
| 100 |
_aHuheey, James E _967528 |
||
| 245 |
_aInorganic Chemistry: _cBy James E Huheey...[et.al] _bPrinciples of Structure and Reactivity/ |
||
| 250 | _a5 | ||
| 260 |
_aNoida _bPearson India Education Pvt Ltd _c2024 |
||
| 270 |
_a1st Floor, Berger Tower, Plot No. C-001/2, Sector 16B _bNoida _e201301 _mcompanysecretary.india@pearson.com |
||
| 300 |
_axxiv,944p. _c24cm(pbk) _bIndex |
||
| 700 |
_aKeiter, Ellen A _eAuthor _967529 |
||
| 700 |
_aKeiter, Richard L _eAuthor _967530 |
||
| 700 |
_aMedhi, Okhil K _eAuthor _967531 |
||
| 942 |
_2ddc _cEN _h546 _mHUH _e5 |
||
| 999 |
_c203611 _d203611 |
||